UNDERSTANDING research with children and young people.

में बचाया:
ग्रंथसूची विवरण
मुख्य लेखक: CLARK, Alison....[et al]
स्वरूप: पुस्तक
भाषा:अंग्रेज़ी
प्रकाशित: SAGE 2014
टैग: टैग जोड़ें
कोई टैग नहीं, इस रिकॉर्ड को टैग करने वाले पहले व्यक्ति बनें!

MARC

LEADER 00000nam a22000007a 4500
008 210818b ||||| |||| 00| 0 eng d
020 |a 978-1-4462-7493-4 
100 |a CLARK, Alison....[et al]. 
245 |a UNDERSTANDING research with children and young people.  |c edited by CLARK, Alison....[et al].  |g xii, 309p.; ill. 
250 |c edited by Alison Clark …[et al] 
260 |b SAGE  |c 2014  |h Los Angeles  |i 692116  |i 692117  |l HQ767.85 .Un2   |m Children – Research – Methodology.  |m Youth – Research – Methodology.   |m Children – Research – Moral and ethical aspects.  |m Youth – Research - Moral and ethical aspects. 
500 |a “It includes references and index” 
942 |a lcc  |c BK  |e YUNUSA, A.A.  |f 18/8/2021 
952 |0 0  |1 0  |2 lcc  |4 0  |6 HQ076785 U N2  |7 0  |9 3120  |a HOL  |b SL  |c GJ  |d 2021-08-18  |l 0  |o HQ767.85 .Un2  |p 2021-66818  |r 2021-08-18 00:00:00  |w 2021-08-18  |y BK 
952 |0 0  |1 0  |2 lcc  |4 0  |6 HQ076785 U N2  |7 0  |9 3121  |a HOL  |b HOL  |c GJ  |d 2021-08-18  |l 0  |o HQ767.85 .Un2  |p 2021-66819  |r 2021-08-18 00:00:00  |w 2021-08-18  |y BK 
999 |c 1580  |d 1580